The Universe (Record no. 18574)

MARC details
000 -LEADER
fixed length control field 00586nam a2200205Ia 4500
003 - CONTROL NUMBER IDENTIFIER
control field IN-BaIIA
008 - FIXED-LENGTH DATA ELEMENTS--GENERAL INFORMATION
fixed length control field 211028s9999 xx 000 0 eng d
020 ## - INTERNATIONAL STANDARD BOOK NUMBER
International Standard Book Number 978--3-527-41018-7
040 ## - CATALOGING SOURCE
Transcribing agency IIA Library
080 ## - UNIVERSAL DECIMAL CLASSIFICATION NUMBER
Universal Decimal Classification number 524.834
Item number BOJ
100 ## - MAIN ENTRY--PERSONAL NAME
Personal name Bojowald, Martin
9 (RLIN) 35651
245 #4 - TITLE STATEMENT
Title The Universe
Remainder of title a view from classical and quantum gravity
Statement of responsibility, etc. Martin Bojowald
260 ## - PUBLICATION, DISTRIBUTION, ETC.
Place of publication, distribution, etc. Weinheim
Name of publisher, distributor, etc. Wiley-VCH Verlag Gmbh
Date of publication, distribution, etc. 2013
300 ## - PHYSICAL DESCRIPTION
Extent viii, 362p.
490 ## - SERIES STATEMENT
Series statement Physics text book
650 ## - SUBJECT ADDED ENTRY--TOPICAL TERM
Topical term or geographic name entry element Force
9 (RLIN) 24796
650 ## - SUBJECT ADDED ENTRY--TOPICAL TERM
Topical term or geographic name entry element Newtanian Gravity
9 (RLIN) 35652
650 ## - SUBJECT ADDED ENTRY--TOPICAL TERM
Topical term or geographic name entry element Universe
9 (RLIN) 1987
942 ## - ADDED ENTRY ELEMENTS (KOHA)
Koha item type Books
Holdings
Withdrawn status Lost status Damaged status Not for loan Home library Current library Shelving location Date acquired Source of acquisition Cost, normal purchase price Total Checkouts Full call number Barcode Date last seen Cost, replacement price Price effective from Koha item type Purchase Price
        IIA Library-Bangalore IIA Library-Bangalore General Stacks 28/03/2013 APP 5441.00   524.834/ BOJ 19496 05/11/2021 5441.00 28/03/2013 Books Rs. 5441.00

Powered by Koha